00333nam a2200145Ia 45000030006000000080041000060400015000471000015000622450032000772500006001092600035001153000006001505460014001560050017001700STCL150530s9999 xx 000 0 und d aSTCLcSTCL aJoseph, S. aPulariyile Mooonu Thengukal a1 bRanibow Book; Chengannurc2007 a0 aMalayalam20220125171624.0